000 00830cam a2200241 i 4500
003 SA-RiAUC
005 20251112113338.0
008 251111s1991 su g 00000 ara c
040 _aSA-RiAUC
_bara
_cSA-RiAUC
_erda
082 0 4 _a252.5
090 _a252.5
_bو ت ح
245 0 0 _aو تحقق الحلم بعد 73 عاما من الحرمان.
246 3 0 _aتحقق الحلم بعد 73 عاما من الحرمان
250 _aالطبعة الأولى.
264 1 _aالرياض :
_bدار طويق للنشر والتوزيع،
_c1991
300 _a47 صفحة ؛
_c20 سم
336 _aنص
_btxt
_2rdacontent
_3كتاب
337 _aبدون وسيط
_bn
_2rdamedia
338 _aمجلد
_bnc
_2rdacarrier
650 7 _aالحج
_2aucsh
942 _2ddc
_cBOOK
_n0
949 _aSA-JeALM
_d251111
_umohamedma123
_n1
999 _c13188
_d13188